Changing American education (Record no. 9202)
[ view plain ]
| 000 -LEADER | |
|---|---|
| fixed length control field | 01600nam a2200373 a 4500 |
| 001 - CONTROL NUMBER | |
| control field | ebr10019114 |
| 003 - CONTROL NUMBER IDENTIFIER | |
| control field | CaPaEBR |
| 006 - FIXED-LENGTH DATA ELEMENTS--ADDITIONAL MATERIAL CHARACTERISTICS--GENERAL INFORMATION | |
| fixed length control field | m u |
| 007 - PHYSICAL DESCRIPTION FIXED FIELD--GENERAL INFORMATION | |
| fixed length control field | cr cn||||||||| |
| 008 - FIXED-LENGTH DATA ELEMENTS--GENERAL INFORMATION | |
| fixed length control field | 921109s1994 nyua sb 001 0 eng |
| 010 ## - LIBRARY OF CONGRESS CONTROL NUMBER | |
| Canceled/invalid LC control number | 92042842 |
| 020 ## - INTERNATIONAL STANDARD BOOK NUMBER | |
| Cancelled/invalid ISBN | 0791416593 (alk. paper) |
| Cancelled/invalid ISBN | 0791416607 (pbk. : alk. paper) |
| 040 ## - CATALOGING SOURCE | |
| Original cataloging agency | CaPaEBR |
| Transcribing agency | CaPaEBR |
| 035 ## - SYSTEM CONTROL NUMBER | |
| System control number | (OCoLC)614714980 |
| 050 14 - LIBRARY OF CONGRESS CALL NUMBER | |
| Classification number | LA210 |
| Item number | .C46 1993eb |
| 082 04 - DEWEY DECIMAL CLASSIFICATION NUMBER | |
| Classification number | 371.2/00973 |
| Edition number | 20 |
| 245 00 - TITLE STATEMENT | |
| Title | Changing American education |
| Medium | [electronic resource] : |
| Remainder of title | recapturing the past or inventing the future? / |
| Statement of responsibility, etc | edited by Kathryn M. Borman and Nancy P. Greenman. |
| 260 ## - PUBLICATION, DISTRIBUTION, ETC. (IMPRINT) | |
| Place of publication, distribution, etc | Albany : |
| Name of publisher, distributor, etc | State University of New York Press, |
| Date of publication, distribution, etc | c1994. |
| 300 ## - PHYSICAL DESCRIPTION | |
| Extent | xvii, 416 p. : |
| Other physical details | ill. |
| 490 1# - SERIES STATEMENT | |
| Series statement | SUNY series, teacher preparation and development |
| 504 ## - BIBLIOGRAPHY, ETC. NOTE | |
| Bibliography, etc | Includes bibliographical references and index. |
| 533 ## - REPRODUCTION NOTE | |
| Type of reproduction | Electronic reproduction. |
| Place of reproduction | Palo Alto, Calif. : |
| Agency responsible for reproduction | ebrary, |
| Date of reproduction | 2013. |
| Note about reproduction | Available via World Wide Web. |
| -- | Access may be limited to ebrary affiliated libraries. |
| 650 #0 - SUBJECT ADDED ENTRY--TOPICAL TERM | |
| Topical term or geographic name as entry element | Educational change |
| Geographic subdivision | United States. |
| Topical term or geographic name as entry element | School improvement programs |
| Geographic subdivision | United States. |
| Topical term or geographic name as entry element | Curriculum change |
| Geographic subdivision | United States. |
| Topical term or geographic name as entry element | School management and organization |
| Geographic subdivision | United States. |
| 655 #7 - INDEX TERM--GENRE/FORM | |
| Genre/form data or focus term | Electronic books. |
| Source of term | local |
| 700 1# - ADDED ENTRY--PERSONAL NAME | |
| Personal name | Borman, Kathryn M. |
| Personal name | Greenman, Nancy P. |
| 710 2# - ADDED ENTRY--CORPORATE NAME | |
| Corporate name or jurisdiction name as entry element | ebrary, Inc. |
| 830 #0 - SERIES ADDED ENTRY--UNIFORM TITLE | |
| Uniform title | SUNY series in teacher preparation and development. |
| 856 40 - ELECTRONIC LOCATION AND ACCESS | |
| Uniform Resource Identifier | <a href="http://site.ebrary.com/lib/rucke/Doc?id=10019114">http://site.ebrary.com/lib/rucke/Doc?id=10019114</a> |
| Public note | An electronic book accessible through the World Wide Web; click to view |
No items available.
